| 000 | 01099nam a2200349 i 4500 | ||
|---|---|---|---|
| 001 | 8105 | ||
| 003 | KOSZ 005 | ||
| 005 | 20200430095556.0 | ||
| 008 | 961010s1968 gw a f |000 0 ger d | ||
| 040 |
_cKOSZ 005 _aKOSZ 005 _dKOSZ 005/HR |
||
| 041 | _apol | ||
| 080 | _a624.04 | ||
| 080 | _a624.07 | ||
| 100 | 1 |
_aHahn, Josef _eAutor |
|
| 245 | 0 |
_aDurchlaufträger, Rahmen und Platten / _cJ. Hahn. |
|
| 260 |
_aDüsseldorf : _bWerner Verlag, _c1968. |
||
| 300 |
_a332, [2] s. : _bilustracje, _c25 cm. |
||
| 336 |
_2rdacontent _aTekst _btxt |
||
| 337 |
_2rdamedia _aBez urządzeniapośredniczacego _bn |
||
| 338 |
_2rdacarrier _aWolumin _bnc |
||
| 380 | _aKsiążki | ||
| 380 | _aPublikacje fachowe | ||
| 388 | _a1901-2000 | ||
| 650 | 7 | _aDźwigary | |
| 650 | 7 | _aRamy | |
| 650 | 7 | _aKonstrukcje ramowe | |
| 650 | 7 | _aPłyty konstrukcyjne | |
| 658 | _aArchitektura i budownictwo | ||
| 710 | 2 |
_aWerner Verlag _4pbl |
|
| 856 |
_uhttp://koha.tu.koszalin.pl/cgi-bin/koha/opac-detail.pl?biblionumber=8105 _yKatalog online BPK |
||
| 942 |
_cKS _2UKD |
||
| 999 |
_c8105 _d8105 |
||